¿Puedes escribir las capitales de las provincias de Argentina? - Estadísticas

Estadísticas generales
  • Esta prueba ha sido intentada 147 veces
  • La puntuación promedio es 20 de 23
Estadísticas de respuestas
Provincia Capital % Correcto
Buenos Aires La Plata
97%
San Luis San Luis
94%
Córdoba Córdoba
93%
Mendoza Mendoza
93%
Salta Salta
93%
San Juan San Juan
93%
Santa Fe Santa Fe
93%
Formosa Formosa
91%
La Rioja La Rioja
91%
Neuquén Neuquén
91%
Corrientes Corrientes
90%
Chaco Resistencia
87%
La Pampa Santa Rosa
87%
Santiago del Estero Santiago del Estero
87%
Tierra del Fuego,Antártida e Islas del Atlántico Ushuaia
87%
Entre Ríos Paraná
86%
Tucumán San Miguel / San Miguel de Tucumán
84%
Misiones Posadas
83%
Chubut Rawson
83%
Catamarca San Fernando / San Fernando del Valle de Catamarca
83%
Río Negro Viedma
81%
Santa Cruz Río Gallegos
79%
Jujuy San Salvador / San Salvador de Jujuy
79%
No se encontraron pruebas coincidentes
Distribución de puntuación
Porcentaje de gente con cada puntuación
Porcentaje por número respondido
Historial de tus puntuaciones
No has intentado esta prueba.